New England Patriots Leading Rusher by Year - Statistics

General Stats
  • This quiz has been taken 22 times
  • The average score is 19 of 58
Answer Stats
Year Yards Answer % Correct
1990 808 John Stephens
91%
1989 833 John Stephens
91%
1988 1,168 John Stephens
91%
2024 801 Rhamondre Stevenson
91%
2022 1,040 Rhamondre Stevenson
91%
2019 912 Sony Michel
73%
2018 931 Sony Michel
73%
2016 1,161 LeGarrette Blount
68%
2015 703 LeGarrette Blount
68%
1997 1,160 Curtis Martin
55%
1996 1,152 Curtis Martin
55%
1995 1,487 Curtis Martin
55%
2021 929 Damien Harris
55%
2020 691 Damien Harris
55%
2000 570 Kevin Faulk
55%
2023 642 Ezekiel Elliott
50%
2011 667 BenJarvus Green-Ellis
45%
2010 1,008 BenJarvus Green-Ellis
45%
2006 812 Corey Dillon
45%
2005 773 Corey Dillon
45%
2004 1,635 Corey Dillon
45%
2017 896 Dion Lewis
41%
2009 757 Laurence Maroney
36%
2007 835 Laurence Maroney
36%
2013 773 Stevan Ridley
36%
2012 1,263 Stevan Ridley
36%
2014 412 Jonas Gray
27%
1979 563 Sam Cunningham
27%
1978 768 Sam Cunningham
27%
1977 1,015 Sam Cunningham
27%
1976 824 Sam Cunningham
27%
1975 666 Sam Cunningham
27%
1973 516 Sam Cunningham
27%
2003 642 Antowain Smith
14%
2002 982 Antowain Smith
14%
2001 1,157 Antowain Smith
14%
1986 427 Craig James
14%
1985 1,227 Craig James
14%
1984 790 Craig James
14%
2008 727 Sammy Morris
14%
1970 552 Jim Nance
9%
1969 750 Jim Nance
9%
1968 593 Jim Nance
9%
1967 1,216 Jim Nance
9%
1994 703 Marion Butts
9%
1998 1,115 Robert Edwards
9%
1999 896 Terry Allen
9%
1971 784 Carl Garrett
5%
1992 451 John Vaughn
5%
1972 546 Josh Ashton
5%
1993 1,088 Leonard Russell
5%
1991 959 Leonard Russell
5%
1974 824 Mack Herron
5%
1987 474 Tony Collins
5%
1983 1,049 Tony Collins
5%
1982 632 Tony Collins
5%
1981 873 Tony Collins
5%
1980 818 Vagas Ferguson
5%
No matching quizzes found
Score Distribution
Percent of People with Each Score
Percentile by Number Answered
Your Score History
You have not taken this quiz